000 00457nam a2200169Ia 4500
003 LK-CoDNM
005 20230923101804.0
008 010623t1924 xxu||||| |||| 00| 1 eng d
040 _aLK-CoDNM
_dLK-CoDNM
_eLK-CoDNM
041 _aeng
080 _a12 R10
100 _aMorris,Lord.
245 _aThe Dominions and Dependencies of the Empire,Newfoundland
260 _bW.Collins Sons Co
_aLondon
_c1924
300 _bxv,423p,pl,maps., 22 cm
942 _cBK
999 _c92216
_d92216